Statistics for Most Bordered African Countries

Click here to take the quiz!

General Stats

  • This quiz has been taken 493 times
  • The average score is 15 of 17

Answer Stats

HintAnswer% Correct
9Democratic Republic of the Congo
94%
7Niger
94%
6Chad
93%
7Mali
93%
7Sudan
92%
6Ethiopia
91%
6South Africa
91%
6Central African Republic
88%
6Algeria
86%
6South Sudan
85%
8Tanzania
85%
8Zambia
85%
6Burkina Faso
80%
6Cameroon
80%
6Mozambique
78%
6Libya
74%
6Guinea
66%

Score Distribution

Percentile by Number Answered

Percent of People with Each Score

Your Score History

You have not taken this quiz